00510nam a2200193 a 4500001001300000003000900013005001700022008004100039020001000080082001800090100001800108245003500126260005100161300000800212500003500220505002800255650001500283700001800298nice12345678IN_TiNIC20260116011303.0050524s0000 laha grp 000 0 eng  ac10000a297.86bALI19 aAli, Muhammad aIslam the Religion of Humanity aLahorebAhmadiyya Anjuman Ishaat-E-Islamc0000 a22p aincludes index and biblioraphy2 aacc no 1649 is archives aAhmadiyyah1 aAli, Muhammad